000 00595nam a2200169 a 4500
001 000033882
005 20200930070609.0
008 110914s1995 cl a 000 0 spa d
040 _aDO-SdBNP
_bspa
_cBNPHU
082 _axxxx
_bxxxx
100 1 _aE. Sonmore, Clayton
_959319
245 1 0 _aNadie se atreve a llamarlo engaño /
_cClayton E. Sonmore ; traducción Ramón Antonio Trillos Páez.
260 _aColombia, :
_b[s.n.],
_c1995.
300 _av. :
_bil. ;
_c22 cm.
500 _aLa biblioteca posee el volumen 3
504 _aIncluye referencias bibliográficas y notas al pie de las páginas
999 _c33373
_d33373